Технология производства стали в конвертерных и мартеновских цехах: тематический сборник научных трудов

Bibliografiske detaljer
Institution som forfatter: Центральный научно-исследовательский институт чёрной металлургии им. И. П. Бардина (ЦНИИчермет)
Andre forfattere: Поляков В. Ф. (редактор)
Sprog:russisk
Udgivet: Москва, Металлургия, 1989
Fag:
Format: MixedMaterials Bog
KOHA link:https://koha.lib.tpu.ru/cgi-bin/koha/opac-detail.pl?biblionumber=255418

MARC

LEADER 00000nam0a2200000 4500
001 255418
005 20231101233025.0
010 |a 5229003871 
035 |a (RuTPU)RU\TPU\book\277928 
090 |a 255418 
100 |a 20140328d1989 m y0rusy50 ca 
101 0 |a rus 
102 |a RU 
105 |a a z 001zy 
200 1 |a Технология производства стали в конвертерных и мартеновских цехах  |e тематический сборник научных трудов  |f Институт черной металлургии (ИЧМ) ; под ред. В. Ф. Полякова 
210 |a Москва  |c Металлургия  |d 1989 
215 |a 104 с.  |c ил. 
320 |a Библиография в конце работ. 
606 1 |a Сталь  |x Металлургия  |2 stltpush  |3 (RuTPU)RU\TPU\subj\56287  |9 74200 
610 1 |a мартеновские процессы 
610 1 |a мартеновские цехи 
610 1 |a производство 
610 1 |a технология 
610 1 |a конверторная плавка 
675 |a 669.18  |v 3 
702 1 |a Поляков  |b В. Ф.  |4 340 
712 0 2 |a Центральный научно-исследовательский институт чёрной металлургии им. И. П. Бардина (ЦНИИчермет)  |c (Москва)  |2 stltpush  |3 (RuTPU)RU\TPU\col\16609 
801 1 |a RU  |b 63413507  |c 20140328 
801 2 |a RU  |b 63413507  |c 20140627  |g RCR 
942 |c BK